Science and World Orde (Record no. 183071)
[ view plain ]
| 000 -LEADER | |
|---|---|
| fixed length control field | 00743 a2200169 4500 |
| 003 - CONTROL NUMBER IDENTIFIER | |
| control field | Nust |
| 005 - DATE AND TIME OF LATEST TRANSACTION | |
| control field | 20221017124545.0 |
| 040 ## - CATALOGING SOURCE | |
| Transcribing agency | Nust |
| 082 ## - DEWEY DECIMAL CLASSIFICATION NUMBER | |
| Classification number | 600,LOR |
| 100 ## - MAIN ENTRY--PERSONAL NAME | |
| Personal name | Crowther |
| 9 (RLIN) | 100452 |
| 245 ## - TITLE STATEMENT | |
| Title | Science and World Orde |
| Statement of responsibility, etc. | J.G Crowther |
| 260 ## - PUBLICATION, DISTRIBUTION, ETC. | |
| Place of publication, distribution, etc. | USA |
| Name of publisher, distributor, etc. | Penguin Books |
| Date of publication, distribution, etc. | 1942 |
| 300 ## - PHYSICAL DESCRIPTION | |
| Extent | 141:p |
| 505 ## - FORMATTED CONTENTS NOTE | |
| Formatted contents note | The conference (Page 9), Fostring the scientific spirit (Page-16), Science and government,specially in britain (Page 39)5.world resources(Page-57), Health and food (Page-73), Post war relief (Page-84), The restarting of european agriculture after the war (Page-98), Science and world planning (Page-109), The international commonwealth of science (Page-129). |
| 650 ## - SUBJECT ADDED ENTRY--TOPICAL TERM | |
| Topical term or geographic name entry element | Science and World Orde |
| 9 (RLIN) | 100453 |
| 942 ## - ADDED ENTRY ELEMENTS (KOHA) | |
| Source of classification or shelving scheme | |
| Koha item type | Book |
| Withdrawn status | Lost status | Source of classification or shelving scheme | Damaged status | Not for loan | Permanent Location | Current Location | Shelving location | Date acquired | Full call number | Barcode | Date last seen | Price effective from | Koha item type | Public note |
|---|---|---|---|---|---|---|---|---|---|---|---|---|---|---|
| Military College of Signals (MCS) | Military College of Signals (MCS) | General Stacks | 12/12/2016 | 600,LOR | MCS29707 | 12/08/2016 | 12/12/2016 | Book | Almirah No.26, Shelf No.1 |
